000 00789nam a22002777a 4500
008 130706b xxu||||| |||| 00| 0 eng d
020 _a81-85015-60-0
024 _cAvailable
037 _cAvailable
040 _aMBSTU LIBRARY
_dMBSTU LIBRARY
082 _222
_a539.7 WEP
100 _aWehr, M Russell.
110 _aJames A Richards and Thomas W Adair.
245 _aPhysics of the atoms.
250 _a4th
260 _aNew Delhi
_bNarosa Publishing House.
_c1984
300 _a22 cm.
_bxv, 593 page
_f1
_g22 cm.
600 _2Atoms.
650 _2Atoms.
700 _aWehr, M Russell.
710 _aJames A Richards and Thomas W Adair.
270 _aNew Delhi
_bNew Delhi
_dIndia
365 _b329.00
_d329.00
942 _2ddc
_cBK
999 _c562
_d562